| 000 | 00503nas a220020500 4500 | ||
|---|---|---|---|
| 001 | 45247 | ||
| 090 | _a45247 | ||
| 100 | _a20220525d2022 k y0pory5003 ba | ||
| 101 | 0 | _apor | |
| 102 | _aPT | ||
| 200 | 1 |
_aExpresso 50 _eO Futuro Foi Ontem _fExpresso |
|
| 210 |
_aLisboa _cExpresso _d2023 |
||
| 215 | _a5 v | ||
| 300 | _aParte integrante do Jornal Expresso | ||
| 675 |
_a929 _vBN _zpor |
||
| 675 | _a929 A/Z | ||
| 675 | _a929(469)(05) A/Z | ||
| 702 | 1 |
_aFaton, _bLouis _4300 |
|
| 801 | 0 |
_aPT _bFO _gRPC |
|
| 990 | _cPERIODICOS | ||